[Event "POR-chT"]
[Site "Porto"]
[Date "2016.08.18"]
[Round "7.11"]
[White "Guerreiro, Nuno M"]
[Black "Silva, Fernando"]
[Result "0-1"]
[WhiteElo "2169"]
[BlackElo "2271"]
[PlyCount "92"]
[EventDate "2016.08.14"]
[EventType "team-tourn"]
[EventRounds "9"]
[EventCountry "POR"]
[SourceTitle "CBM 173 Extra"]
[Source "ChessBase"]
[SourceDate "2016.08.29"]
[SourceVersion "1"]
[SourceVersionDate "2016.08.29"]
[SourceQuality "1"]
[WhiteTeam "Mata de Benfica"]
[BlackTeam "Sporting Clube Portugal"]
[WhiteTeamCountry "POR"]
[BlackTeamCountry "POR"]

1. e4 g6 2. Nf3 Bg7 3. d4 c6 4. Nc3 d5 5. h3 Nh6 6. Be2 0-0 7. 0-0 f6 8. Bf4 Nf7 9. Bg3 b6 10. b4 Bb7 11. Re1 e5 12. exd5 cxd5 13. Bb5 e4 14. Nh2 Nc6 15. Rb1 Rc8 16. Ne2 Nd6 17. Ba4 g5 18. f3 f5 19. f4 h6 20. c3 Ne7 21. h4 g4 22. Bf2 Kh7 23. b5 Bf6 24. g3 h5 25. Nf1 Nc4 26. Rb4 Rc7 27. Qb1 Nc8 28. Bb3 Be7 29. Rxc4 dxc4 30. Bc2 Bf6 31. Ne3 Ne7 32. Rd1 Bd5 33. Be1 Qd7 34. Bd2 Be6 35. Bc1 Nd5 36. Nf1 Re8 37. Ba3 Be7 38. Bxe7 Rxe7 39. Qb2 Rf7 40. Rb1 Qd6 41. Ra1 Bc8 42. a3 Kh6 43. Nd2 Bb7 44. Bb1 Nf6 45. Ba2 e3 46. Nxc4 Qd5 0-1

[Event "POR Cup 38th"]
[Site "Portugal"]
[Date "2016.05.01"]
[Round "4.4"]
[White "Silva, Fernando"]
[Black "Gomes, Hugo Antonio Alexan"]
[Result "1-0"]
[WhiteElo "2267"]
[BlackElo "1744"]
[PlyCount "77"]
[EventDate "2016.02.20"]
[EventType "team-k.o."]
[EventRounds "6"]
[EventCountry "POR"]
[SourceTitle "EXT 2017"]
[Source "ChessBase"]
[SourceDate "2016.10.25"]
[SourceVersion "1"]
[SourceVersionDate "2016.10.25"]
[SourceQuality "1"]
[WhiteTeam "Portugal Sporting"]
[BlackTeam "Coimbra"]
[WhiteTeamCountry "POR"]
[BlackTeamCountry "POR"]

1. c4 Nf6 2. Nc3 c5 3. g3 d5 4. cxd5 Nxd5 5. Bg2 Nc7 6. Nf3 Nc6 7. 0-0 e5 8. a3 Be7 9. b4 f6 10. bxc5 Bxc5 11. Na4 Be7 12. d3 Be6 13. Be3 Nd5 14. Bc5 b6 15. Bxe7 Qxe7 16. Qc2 Rc8 17. Rfc1 0-0 18. Qb2 Rfd8 19. e4 Nc7 20. Rxc6 Bd7 21. Qb3+ Qf7 22. Qxf7+ Kxf7 23. Rc3 Ne6 24. Rac1 Rxc3 25. Nxc3 Bc8 26. Nd5 Nc5 27. d4 exd4 28. Nxd4 Bb7 29. h4 Rd7 30. Nb5 Bc6 31. Nd4 Bb7 32. Bh3 Rd8 33. Nb3 Bxd5 34. Nxc5 bxc5 35. Rd1 Be6 36. Bxe6+ Ke7 37. Rxd8 Kxd8 38. f4 Ke7 39. Bc4 1-0

[Event "POR CupT 1/8f-1/4f"]
[Site "Madeira, Torres Novas"]
[Date "2015.06.22"]
[Round "3.7"]
[White "Silva, Fernando"]
[Black "Dias, Jose Oliveira Gaspa"]
[Result "1-0"]
[WhiteElo "2268"]
[BlackElo "1681"]
[PlyCount "79"]
[EventDate "2015.05.23"]
[EventType "team-k.o."]
[EventRounds "6"]
[EventCountry "POR"]
[SourceTitle "EXT 2018"]
[Source "ChessBase"]
[SourceDate "2017.10.13"]
[SourceVersion "1"]
[SourceVersionDate "2017.10.13"]
[SourceQuality "1"]
[WhiteTeam "POR Sporting Clube"]
[BlackTeam "Torres Novas"]
[WhiteTeamCountry "POR"]
[BlackTeamCountry "POR"]

1. g3 d5 2. Bg2 e5 3. c4 c6 4. Qc2 Nf6 5. Nf3 Bd6 6. 0-0 0-0 7. d4 e4 8. Ne5 Nbd7 9. Nxd7 Bxd7 10. Nc3 Rc8 11. c5 Bb8 12. f3 exf3 13. exf3 h6 14. Ne2 b6 15. b4 Re8 16. Bf4 Re7 17. Rf2 Nh5 18. Bxb8 Rxb8 19. Bf1 bxc5 20. bxc5 f5 21. Rb1 Qc7 22. Rb3 Ree8 23. Qd2 Rxb3 24. axb3 a5 25. Nc1 Ra8 26. Nd3 Rb8 27. Qc3 Nf6 28. Ne5 Be8 29. Bd3 g6 30. Bc2 Nd7 31. Re2 Nf6 32. g4 fxg4 33. fxg4 Rb4 34. Qe3 Qg7 35. Nd3 Rb7 36. Qe6+ Kh8 37. Ne5 Bf7 38. Qxc6 Rb8 39. Rf2 Be8 40. Qxf6 1-0

[Event "Itajai JASC Cup 54th"]
[Site "Itajai"]
[Date "2014.11.16"]
[Round "1.3"]
[White "Di Berardino, Diego Rafael"]
[Black "Silva, Fernando"]
[Result "1-0"]
[WhiteElo "2484"]
[BlackElo "2268"]
[PlyCount "37"]
[EventDate "2014.11.16"]
[EventType "team-swiss"]
[EventRounds "7"]
[EventCountry "BRA"]
[SourceTitle "EXT 2016"]
[Source "ChessBase"]
[SourceDate "2015.10.08"]
[SourceVersion "1"]
[SourceVersionDate "2015.10.08"]
[SourceQuality "1"]
[WhiteTeam "Rio do Sul"]
[BlackTeam "Forquilhinha"]
[WhiteTeamCountry "BRA"]
[BlackTeamCountry "BRA"]

1. e4 c5 2. Nf3 e6 3. d4 cxd4 4. Nxd4 Nf6 5. Nc3 Nc6 6. Ndb5 d6 7. Bf4 e5 8. Bg5 a6 9. Na3 Be7 10. Bxf6 Bxf6 11. Nc4 Nd4 12. Nd5 b5 13. Ncb6 Rb8 14. Nxc8 Rxc8 15. c3 Nc6 16. a4 b4 17. Bxa6 Bg5 18. Qg4 Rb8 19. Bb5 1-0

[Event "POR-chT"]
[Site "Torres Vedras"]
[Date "2011.07.26"]
[Round "4.6"]
[White "Andres Gonzalez, Alberto"]
[Black "Silva, Fernando"]
[Result "1-0"]
[WhiteElo "2506"]
[BlackElo "2364"]
[PlyCount "85"]
[EventDate "2011.07.23"]
[EventType "team-swiss"]
[EventRounds "9"]
[EventCountry "POR"]
[SourceTitle "CBM 143 Extra"]
[Source "ChessBase"]
[SourceDate "2011.08.29"]
[SourceVersion "1"]
[SourceVersionDate "2011.08.29"]
[SourceQuality "1"]
[WhiteTeam "TAP"]
[BlackTeam "Alekhine"]
[WhiteTeamCountry "POR"]
[BlackTeamCountry "POR"]

1. Nf3 d5 2. d4 Nf6 3. c4 c6 4. Nc3 e6 5. cxd5 exd5 6. Bg5 Be7 7. Qc2 Bg4 8. Ne5 Bh5 9. e3 Nbd7 10. Nd3 Bg6 11. Be2 Ne4 12. Bf4 Qa5 13. 0-0 Nxc3 14. bxc3 0-0 15. Qb3 Qb6 16. c4 Qxb3 17. axb3 Nb6 18. Rfc1 Rfc8 19. Ra2 c5 20. Nxc5 dxc4 21. bxc4 Bxc5 22. dxc5 Rxc5 23. Bd6 Rc6 24. c5 Rd8 25. Rca1 Nc8 26. Bf3 Ra6 27. Rxa6 bxa6 28. Bf4 Rd2 29. g4 h5 30. gxh5 Bd3 31. Bb7 Bf5 32. e4 Rb2 33. Bxa6 Bh3 34. Bf1 Be6 35. Kg2 f6 36. Ra6 Kf7 37. Rc6 a5 38. Ba6 Ne7 39. Rc7 Ke8 40. Bd6 Ng8 41. Bc8 Bb3 42. Bd7+ Kd8 43. Bf5 1-0

[Event "POR-chT 52nd"]
[Site "Vila Nova de Gaia"]
[Date "2010.07.28"]
[Round "5.7"]
[White "Rocha, Sergio MC"]
[Black "Silva, Fernando"]
[Result "1-0"]
[WhiteElo "2431"]
[BlackElo "2367"]
[PlyCount "77"]
[EventDate "2010.07.24"]
[EventType "team-tourn"]
[EventRounds "9"]
[EventCountry "POR"]
[SourceTitle "EXT 2011"]
[Source "ChessBase"]
[SourceDate "2010.11.26"]
[SourceVersion "1"]
[SourceVersionDate "2010.11.26"]
[SourceQuality "1"]
[WhiteTeam "Barreirense"]
[BlackTeam "Alekhine"]
[WhiteTeamCountry "POR"]
[BlackTeamCountry "POR"]

1. Nf3 d5 2. d4 Nf6 3. c4 c6 4. Nc3 g6 5. Bg5 Bg7 6. e3 0-0 7. Qb3 e6 8. Be2 h6 9. Bh4 Qb6 10. c5 Qxb3 11. axb3 Nbd7 12. b4 b5 13. Bg3 Re8 14. Nd2 e5 15. Nb3 Nh5 16. Bxh5 exd4 17. Nxb5 cxb5 18. Bf3 a6 19. Bxd5 Ra7 20. e4 Nf6 21. 0-0-0 Nxe4 22. Nxd4 Nxg3 23. hxg3 Rc7 24. Bf3 h5 25. Kb1 Bf6 26. Ka2 Kg7 27. Ka3 Bd7 28. Nb3 Be6 29. Rhe1 Bxb3 30. Kxb3 Rxe1 31. Rxe1 Rd7 32. Kc2 Kf8 33. Ra1 Ra7 34. Bc6 Rc7 35. Kd3 Bxb2 36. Rxa6 Re7 37. Bxb5 Be5 38. f4 Bg7 39. Ra8+ 1-0

[Event "POR-chT 52nd"]
[Site "Vila Nova de Gaia"]
[Date "2010.07.25"]
[Round "2.1"]
[White "Silva, Fernando"]
[Black "Ferreira, Jorge Viterbo"]
[Result "1-0"]
[WhiteElo "2367"]
[BlackElo "2324"]
[PlyCount "171"]
[EventDate "2010.07.24"]
[EventType "team-tourn"]
[EventRounds "9"]
[EventCountry "POR"]
[SourceTitle "EXT 2011"]
[Source "ChessBase"]
[SourceDate "2010.11.26"]
[SourceVersion "1"]
[SourceVersionDate "2010.11.26"]
[SourceQuality "1"]
[WhiteTeam "Alekhine"]
[BlackTeam "Dias Ferreira"]
[WhiteTeamCountry "POR"]
[BlackTeamCountry "POR"]

1. d4 Nf6 2. Nf3 g6 3. Bf4 Bg7 4. e3 0-0 5. c4 c5 6. Nc3 cxd4 7. Nxd4 Nc6 8. Nxc6 bxc6 9. Be2 d6 10. 0-0 Qa5 11. Rc1 Be6 12. b3 Nd7 13. Qd2 g5 14. Bg3 f5 15. Rfd1 Ne5 16. f4 Nf7 17. Bf3 Rac8 18. c5 g4 19. Be2 Qxc5 20. Bh4 Qa5 21. Bxe7 Rfe8 22. Bh4 d5 23. Na4 Qxd2 24. Rxd2 Nd6 25. Rdc2 d4 26. Rxc6 dxe3 27. Kf1 Ne4 28. Rxc8 Rxc8 29. Rxc8+ Bxc8 30. Bc4+ Kf8 31. Ke2 Ke8 32. Kxe3 Kd7 33. Be1 Kc6 34. Kd3 Nd6 35. Bc3 Bh6 36. g3 Nxc4 37. bxc4 Bf8 38. Bd4 a6 39. Nc3 Bd6 40. Ne2 Be7 41. Kc3 Ba3 42. Kb3 Bc5 43. Kc3 Ba3 44. Kd3 Bd7 45. Nc3 Be6 46. Nd1 Bf7 47. Nf2 Bb4 48. Nd1 Ba3 49. Kc3 Be6 50. Nf2 Bd6 51. Nd3 Bf7 52. a4 a5 53. c5 Be7 54. Be5 Bd8 55. Bd6 Bf6+ 56. Ne5+ Kd5 57. Bc7 Be8 58. Kb3 Kxc5 59. Bxa5 Kd5 60. Bc3 Bg7 61. a5 Bxe5 62. fxe5 Bb5 63. Kb4 Bf1 64. e6 Kxe6 65. Kc5 f4 66. gxf4 Kf5 67. Bd2 h5 68. Kd4 h4 69. Be1 g3 70. Bxg3 hxg3 71. hxg3 Kg4 72. Kc5 Bd3 73. Kd4 Bf1 74. Ke5 Bd3 75. Ke6 Bf5+ 76. Kd6 Bd3 77. Kc5 Be4 78. f5 Kg5 79. f6 Kg6 80. g4 Bc2 81. g5 Be4 82. Kd6 Kf7 83. Kc5 Bd3 84. Kb6 Be4 85. a6 Ke6 86. Kc7 1-0

[Event "POR SupercupT"]
[Site "Evora"]
[Date "2007.11.17"]
[Round "1.1"]
[White "Silva, Fernando"]
[Black "Sousa, Carlos N Fantasia"]
[Result "1-0"]
[WhiteElo "2351"]
[BlackElo "1848"]
[PlyCount "69"]
[EventDate "2007.11.17"]
[EventType "team-match"]
[EventRounds "1"]
[EventCountry "POR"]
[SourceTitle "EXT 2018"]
[Source "ChessBase"]
[SourceDate "2017.10.13"]
[SourceVersion "1"]
[SourceVersionDate "2017.10.13"]
[SourceQuality "1"]
[WhiteTeam "Diana"]
[BlackTeam "Benfica"]
[WhiteTeamCountry "POR"]
[BlackTeamCountry "POR"]

1. c4 e5 2. Nc3 f5 3. e3 Nf6 4. Nge2 g6 5. d4 e4 6. Nf4 Bg7 7. h4 c6 8. h5 g5 9. h6 Bxh6 10. Rxh6 gxf4 11. exf4 Qe7 12. Be2 Qg7 13. Rh2 Na6 14. Be3 Ng4 15. Bxg4 Qxg4 16. Qxg4 fxg4 17. Nxe4 Ke7 18. d5 h5 19. Kd2 d6 20. Rah1 Bf5 21. Ng3 Bg6 22. f5 Bf7 23. Nxh5 Bxh5 24. Rxh5 Rxh5 25. Rxh5 Rf8 26. Rh7+ Rf7 27. Rxf7+ Kxf7 28. dxc6 bxc6 29. Bd4 c5 30. Bc3 Nc7 31. Ke3 d5 32. cxd5 Nxd5+ 33. Ke4 Nb6 34. Kf4 Nc4 35. Kxg4 1-0

[Event "POR-ch"]
[Site "Lisbon"]
[Date "2003.08.22"]
[Round "7.5"]
[White "Silva, Fernando"]
[Black "Galego, Luis"]
[Result "1-0"]
[WhiteElo "2362"]
[BlackElo "2494"]
[PlyCount "75"]
[EventDate "2003.08.16"]
[EventType "tourn"]
[EventRounds "9"]
[EventCountry "POR"]
[EventCategory "5"]
[SourceTitle "CBM 095 Extra"]
[Source "ChessBase"]
[SourceDate "2003.09.04"]
[SourceVersion "1"]
[SourceVersionDate "2003.09.04"]
[SourceQuality "1"]

1. d4 Nf6 2. Nf3 e6 3. c4 Bb4+ 4. Bd2 c5 5. Bxb4 cxb4 6. e3 0-0 7. Bd3 d6 8. 0-0 Qe7 9. Qc2 h6 10. Nbd2 b6 11. Ne4 Nbd7 12. a3 bxa3 13. b4 Bb7 14. Nxf6+ Nxf6 15. Rxa3 Bxf3 16. gxf3 e5 17. Qb2 Rac8 18. Rfa1 Rc7 19. Be2 Rd8 20. d5 b5 21. Qa2 bxc4 22. Bxc4 Rb8 23. b5 Rbc8 24. Bf1 Nd7 25. Rxa7 Qg5+ 26. Kh1 Rc2 27. Ra8 Qf5 28. Rxc8+ Rxc8 29. Qe2 e4 30. fxe4 Qxe4+ 31. Bg2 Qb4 32. Bh3 Qe4+ 33. f3 Qe5 34. Rb1 f5 35. e4 Re8 36. Qg2 Nb6 37. Bxf5 Nxd5 38. Qa2 1-0

[Event "POR-ch"]
[Site "Lisbon"]
[Date "2003.08.16"]
[Round "1.3"]
[White "Cordovil, Joao Maria"]
[Black "Silva, Fernando"]
[Result "0-1"]
[WhiteElo "2276"]
[BlackElo "2362"]
[PlyCount "80"]
[EventDate "2003.08.16"]
[EventType "tourn"]
[EventRounds "9"]
[EventCountry "POR"]
[EventCategory "5"]
[SourceTitle "CBM 095 Extra"]
[Source "ChessBase"]
[SourceDate "2003.09.04"]
[SourceVersion "1"]
[SourceVersionDate "2003.09.04"]
[SourceQuality "1"]

1. e4 c5 2. Nf3 g6 3. Bc4 Bg7 4. 0-0 d6 5. c3 Nf6 6. Re1 0-0 7. d3 Nc6 8. h3 Na5 9. Bb5 a6 10. Ba4 b5 11. Bc2 e5 12. Nbd2 Nc6 13. Nf1 d5 14. Bg5 h6 15. Bh4 Qd6 16. Bg3 Nh5 17. Bh2 d4 18. Bb3 Nf4 19. cxd4 Nxd4 20. Nxd4 Qxd4 21. Bxf4 exf4 22. Bd5 Ra7 23. Rb1 Re7 24. Nh2 Be6 25. Nf3 Qb4 26. a3 Qa5 27. Qc1 Qc7 28. Bxe6 fxe6 29. Re2 Qd6 30. e5 Qxd3 31. Rd2 Qf5 32. Qe1 g5 33. Rc1 c4 34. Rcd1 h5 35. Re2 g4 36. hxg4 hxg4 37. Nh4 Qh5 38. g3 Bh6 39. Re4 Bg5 40. Ng2 Rh7 0-1